000 00534nam a2200205Ia 4500
003 OSt
005 20220925230455.0
006 a|||||r|||| 00| 0
007 ta
008 220923b |||||||| |||| 00| 0 eng d
037 _cGeneral Book
040 _aRTL
_cRTL
_beng
041 _2eng
_aeng
082 _aB28, L4\TD
100 _aGorsuch R L.
_9293712
245 0 _aFactor Analysis
260 _aLondon
_bWB saunders co.
_c1974
942 _hB28, L4\TD
_cGB
_2CC
999 _c585612
_d585612